Zákon o DPH - novela od 1.1. 2016

Obsah nového systému uplatňovania dane.

Gespeichert in:
Bibliographische Detailangaben
1. Verfasser: Vašková, Naďa
Format: Buchkapitel
Sprache:Slowakisch
Schlagworte:
Tags: Tag hinzufügen
Keine Tags, Fügen Sie das erste Tag hinzu!

MARC

LEADER 00000naa a2200000 4500
001 0210019
005 20231120130647.9
041 0 |a slo 
044 |a SK 
245 1 0 |a Zákon o DPH - novela od 1.1. 2016  |c Naďa Vašková 
520 |a Obsah nového systému uplatňovania dane. 
610 2 0 |a novelizácia 
610 2 0 |a Slovensko 
610 2 0 |a zákony 
610 2 0 |a dane z hodnoty pridanej 
100 1 |a Vašková, Naďa